000 00615nam a2200193Ia 4500
999 _c34529
_d34529
003 OSt
005 20201008095909.0
008 190216s9999||||xx |||||||||||||| ||und||
020 _a9788131710265
040 _coclc
082 _a004.165
_bMAZ/T
100 _aMazidi, Muhammad Ali
_95429
245 4 _aThe 8051 Microcontroller And Embedded Systems /
_cMuhammad Ali Mazidi ; Janice Gillispie Mazidi ; Rolin D Mckinlay
250 _a2nd Ed.
260 _bPearson Education,
_c2013.
_aNew Delhi:
300 _a547p
650 _aPhysics
942 _cBK
_2ddc
_h004.165
_iMAZ/T
_k004.165
_mMAZ/T